Business methods and machinery : (Record no. 5457)

MARC details
000 -LEADER
fixed length control field 00504cam a2200193ua 4500
001 - CONTROL NUMBER
control field 6310
005 - DATE AND TIME OF LATEST TRANSACTION
control field 20260515114030.0
008 - FIXED-LENGTH DATA ELEMENTS--GENERAL INFORMATION
fixed length control field 131128n ii |||gr||||Z||||||eng
040 ## - CATALOGING SOURCE
Transcribing agency MAIN
082 ## - DEWEY DECIMAL CLASSIFICATION NUMBER
Classification number 651.26
245 11 - TITLE STATEMENT
Title Business methods and machinery :
Remainder of title Vol I /
Statement of responsibility, etc. By A.N. Agarwala .
250 ## - EDITION STATEMENT
Edition statement 14th ed.
260 ## - PUBLICATION, DISTRIBUTION, ETC.
Place of publication, distribution, etc. Allahabad:
Name of publisher, distributor, etc. Kitab mahal,
Date of publication, distribution, etc. 1974.
300 ## - PHYSICAL DESCRIPTION
Extent iv,398p.
653 ## - INDEX TERM--UNCONTROLLED
Uncontrolled term Commerce
653 ## - INDEX TERM--UNCONTROLLED
Uncontrolled term Business methods and machinery
700 1# - ADDED ENTRY--PERSONAL NAME
Personal name Agarwala,A.N.,
Relator term Author.
942 ## - ADDED ENTRY ELEMENTS (KOHA)
Koha item type Books
Holdings
Withdrawn status Lost status Damaged status Not for loan Home library Current library Shelving location Date acquired Total checkouts Full call number Barcode Date last seen Copy number Price effective from Koha item type
        Naharkatiya College Library Naharkatiya College Library General stacks 09/19/2020   651.26 | AGA 13832 09/19/2020 1 09/19/2020 Books